000 00733nam a22002177a 4500
999 _c7109
_d7109
001 7109
003 BD-JhCC
005 20180519101944.0
008 180205b xxu||||| |||| 00| 0 eng d
035 _a(BD-JhCC)7109
040 _aBD-JhCC
_dBD-JhCC
041 _aeng
082 _a954.92
_bRAH 2003
100 _aরহমান, আতিউর
245 _aমুক্তিযুদ্ধ জনযুদ্ধ :
_bআর্থ-সামাজিক পরিপ্রেক্ষিত /
_cআতিউর রহমান
260 _aঢাকা :
_bসাহিত্য প্রকাশ,
_c2003.
300 _a142 p. :
_c21 cm.
650 _aSocio-economic condition
_zBangladesh
942 _2ddc
_cBK